| 000 -LEADER |
| fixed length control field |
02476cam a22005534a 4500 |
| 001 - CONTROL NUMBER |
| control field |
14676481 |
| 003 - CONTROL NUMBER IDENTIFIER |
| control field |
OSt |
| 005 - DATE AND TIME OF LATEST TRANSACTION |
| control field |
20210923103740.0 |
| 008 - FIXED-LENGTH DATA ELEMENTS--GENERAL INFORMATION |
| fixed length control field |
061220s2007 gw a b 001 0 eng c |
| 010 ## - LIBRARY OF CONGRESS CONTROL NUMBER |
| LC control number |
2006940685 |
| 015 ## - NATIONAL BIBLIOGRAPHY NUMBER |
| National bibliography number |
05,N47,0602 |
| Source |
dnb |
| 016 7# - NATIONAL BIBLIOGRAPHIC AGENCY CONTROL NUMBER |
| Record control number |
97689291X |
| Source |
DE-101 |
| 020 ## - INTERNATIONAL STANDARD BOOK NUMBER |
| International Standard Book Number |
9783540302773 (acidfree paper) |
| 028 52 - PUBLISHER NUMBER |
| Publisher number |
10908259 |
| 035 ## - SYSTEM CONTROL NUMBER |
| System control number |
(OCoLC)ocm85842084 |
| 038 ## - RECORD CONTENT LICENSOR |
| Staff Name |
khadija |
| 040 ## - CATALOGING SOURCE |
| Original cataloging agency |
OHX |
| Language of cataloging |
eng |
| Transcribing agency |
OHX |
| Modifying agency |
BTCTA |
| -- |
BAKER |
| -- |
UAT |
| -- |
YDXCP |
| -- |
MUQ |
| -- |
AU@ |
| -- |
IQU |
| -- |
DEBBG |
| -- |
OCLCQ |
| -- |
OCL |
| -- |
DLC |
| 042 ## - AUTHENTICATION CODE |
| Authentication code |
pcc |
| 050 00 - LIBRARY OF CONGRESS CALL NUMBER |
| Classification number |
QC454.A8 |
| Item number |
V47 2007 |
| 072 #7 - SUBJECT CATEGORY CODE |
| Subject category code |
QC |
| Source |
lcco |
| 072 #7 - SUBJECT CATEGORY CODE |
| Subject category code |
QD |
| Source |
lcco |
| 082 ## - DEWEY DECIMAL CLASSIFICATION NUMBER |
| Classification number |
540.5540 |
| Author Mark |
VER |
| 084 ## - OTHER CLASSIFICATION NUMBER |
| Classification number |
530 |
| Number source |
sdnb |
| 084 ## - OTHER CLASSIFICATION NUMBER |
| Classification number |
UM 2200 |
| Number source |
rvk |
| 100 1# - MAIN ENTRY--PERSONAL NAME |
| Personal name |
Verma, H. R. |
| 9 (RLIN) |
82624 |
| 245 10 - TITLE STATEMENT |
| Title |
Atomic and nuclear analytical methods : |
| Remainder of title |
XRF, Mössbauer, XPS, NAA and ion-beam spectroscopic techniques / |
| Statement of responsibility, etc. |
H.R. Verma. |
| 246 30 - VARYING FORM OF TITLE |
| Title proper/short title |
XRF, Mössbauer, XPS, NAA and ion-beam spectroscopic techniques |
| 260 ## - PUBLICATION, DISTRIBUTION, ETC. |
| Place of publication, distribution, etc. |
Berlin ; |
| -- |
New York : |
| Name of publisher, distributor, etc. |
Springer, |
| Date of publication, distribution, etc. |
c2007. |
| 300 ## - PHYSICAL DESCRIPTION |
| Extent |
xiv, 375 p. : |
| Other physical details |
ill. ; |
| Dimensions |
24 cm. |
| 504 ## - BIBLIOGRAPHY, ETC. NOTE |
| Bibliography, etc. note |
Includes bibliographical references (p. [341]-364) and index. |
| 505 0# - FORMATTED CONTENTS NOTE |
| Formatted contents note |
X-ray fluorescence (XRF) and particle-induced X-ray emission (PIXE) -- Rutherford backscattering spectroscopy -- Elastic recoil detection -- Mössbauer spectroscopy (MS) -- X-ray photoelectron spectroscopy -- Neutron activation analysis -- Nuclear reaction analysis and particle-induced gamma-ray emission -- Accelerator mass spectroscopy (AMS) -- Appendixes. |
| 563 ## - BINDING INFORMATION |
| Binding note |
hardcover |
| 650 #0 - SUBJECT ADDED ENTRY--TOPICAL TERM |
| Topical term or geographic name entry element |
Atomic spectroscopy. |
| 9 (RLIN) |
837 |
| 650 #0 - SUBJECT ADDED ENTRY--TOPICAL TERM |
| Topical term or geographic name entry element |
Nuclear spectroscopy. |
| 9 (RLIN) |
82625 |
| 650 #0 - SUBJECT ADDED ENTRY--TOPICAL TERM |
| Topical term or geographic name entry element |
Spectrum analysis. |
| 9 (RLIN) |
1251 |
| 650 #0 - SUBJECT ADDED ENTRY--TOPICAL TERM |
| Topical term or geographic name entry element |
Particles (Nuclear physics) |
| 9 (RLIN) |
10754 |
| 650 #6 - SUBJECT ADDED ENTRY--TOPICAL TERM |
| Topical term or geographic name entry element |
Spectroscopie. |
| 9 (RLIN) |
82626 |
| 650 #6 - SUBJECT ADDED ENTRY--TOPICAL TERM |
| Topical term or geographic name entry element |
Particules (Physique nucléaire) |
| 9 (RLIN) |
82627 |
| 650 07 - SUBJECT ADDED ENTRY--TOPICAL TERM |
| Topical term or geographic name entry element |
Beschleuniger-Massenspektrometrie. |
| Source of heading or term |
swd |
| 9 (RLIN) |
82628 |
| 650 07 - SUBJECT ADDED ENTRY--TOPICAL TERM |
| Topical term or geographic name entry element |
Ionenstrahlanalyse. |
| Source of heading or term |
swd |
| 9 (RLIN) |
82629 |
| 650 07 - SUBJECT ADDED ENTRY--TOPICAL TERM |
| Topical term or geographic name entry element |
Mössbauer-Spektroskopie. |
| Source of heading or term |
swd |
| 9 (RLIN) |
82630 |
| 650 07 - SUBJECT ADDED ENTRY--TOPICAL TERM |
| Topical term or geographic name entry element |
Neutronenaktivierungsanalyse. |
| Source of heading or term |
swd |
| 9 (RLIN) |
82631 |
| 650 07 - SUBJECT ADDED ENTRY--TOPICAL TERM |
| Topical term or geographic name entry element |
Röntgen-Photoelektronenspektroskopie. |
| Source of heading or term |
swd |
| 9 (RLIN) |
82632 |
| 650 07 - SUBJECT ADDED ENTRY--TOPICAL TERM |
| Topical term or geographic name entry element |
Röntgenspektroskopie. |
| Source of heading or term |
swd |
| 9 (RLIN) |
82633 |
| 856 41 - ELECTRONIC LOCATION AND ACCESS |
| Materials specified |
Table of contents |
| Uniform Resource Identifier |
<a href="http://bvbr.bib-bvb.de:8991/F?func=service&doc_library=BVB01&doc_number=015749826&line_number=0001&func_code=DB_RECORDS&service_type=MEDIA">http://bvbr.bib-bvb.de:8991/F?func=service&doc_library=BVB01&doc_number=015749826&line_number=0001&func_code=DB_RECORDS&service_type=MEDIA</a> |
| 906 ## - LOCAL DATA ELEMENT F, LDF (RLIN) |
| a |
7 |
| b |
cbc |
| c |
pccadap |
| d |
2 |
| e |
ncip |
| f |
20 |
| g |
y-gencatlg |
| 942 ## - ADDED ENTRY ELEMENTS (KOHA) |
| Source of classification or shelving scheme |
|
| Koha item type |
Book |